000 01199nam a2200301 c 4500
003 BLK
005 20180422120308.0
008 180411b bul|||||r ||||||| ||bul||
010 _aKNG00208267000
040 _aBLK
041 _aBUL
_cBUL
080 _aПортугалска литература
_b821.134.3
_x-31
_z821.134.3-31
100 1 _aНамора, Фернанду
_eпърви автор
_9100537
700 1 _aГенова, Румяна
_eпрев. от португ.
_9344290
700 1 _aЮлзари, Емилия
_eпредг. от
_9368326
139 _aНамора, Фернанду
_bН 20
245 1 0 _aНеделя вечер
_bРоман
_cФернанду Намора; прев. от португ. Румяна Генова; предг. от Емилия Юлзари.
257 _aPG
260 Пловдив
_bХристо Г. Данов
_c1990
_fСофия : Д. Благоев
300 _a149 с.
_c20 см
380 _aX
500 _aОриг. загл. Domingo a tarde / Fernando Namora. - Без тир.
852 _aЦб 162113
856 4 _qpdf
_u
856 4 _qpdf
_u
942 _cKNG
_n0
944 _aCR
_c19.06.2017
_kКети_Илиева
944 _aED
_c19.06.2017
_kКети_Илиева
999 _c198905
_d198905